000 00686nam a2200193Ia 4500
008 151121s9999||||xx |||||||||||||| ||und||
082 _aबा।वि।
082 _bHNW-77981
100 _aसाळुंखे वि।भा।
245 _aथोरांचे बालपण भाग-2
260 _b"परिमल प्रकाशन, औरंगाबाद।"
260 _c--
300 _a64
600 _aसाळुंखे वि।भा।
630 _aथोरांचे बालपण भाग-2
700 _aसाळुंखे वि।भा।
730 _aथोरांचे बालपण भाग-2
942 _cBOOK
999 _c1259387
_d1259384